El problema de la emigracion (Record no. 152477)

MARC details
000 -LEADER
campo de control de longitud fija 00729nam a2200205 i 4500
001 - NÚMERO DE CONTROL
campo de control 152477
003 - IDENTIFICADOR DE NÚMERO DE CONTROL
campo de control ES-MaACL
005 - FECHA Y HORA DE LA ÚLTIMA TRANSACCIÓN
campo de control 20250603174235.0
008 - DATOS DE LONGITUD FIJA--INFORMACIÓN GENERAL
campo de control de longitud fija 931025s1888 sp |||| | spa d
100 1# - ENTRADA PRINCIPAL--NOMBRE DE PERSONA
Nombre de persona Botella, Cristóbal,
Fechas asociadas al nombre 1867-1921
9 (RLIN) 30745
245 10 - MENCIÓN DEL TÍTULO
Título El problema de la emigracion
Resto del título : memoria /
Mención de responsabilidad, etc. por Cristobal Botella.
250 ## - MENCION DE EDICION
Mención de edición 2ª ed.
260 ## - PUBLICACIÓN, DISTRIBUCIÓN, ETC.
Lugar de publicación, distribución, etc. Madrid :
Nombre del editor, distribuidor, etc. [s.n.],
Fecha de publicación, distribución, etc. 1888 (
Fabricante Tip. de los Huerfanos)
300 ## - DESCRIPCIÓN FÍSICA
Extensión 256 p. ;
Dimensiones 26 cm.
500 #1 - NOTA GENERAL
Nota general Memoria premiada por la Real Academia de Ciencias Morales y Políticas.
651 #7 - PUNTO DE ACCESO ADICIONAL DE MATERIA--NOMBRE GEOGRÁFICO
Nombre geográfico España-
Subdivisión general Emigración
Fuente del encabezamiento o término
9 (RLIN) 147695
852 ## - LOCALIZACIÓN
Ubicación ES-MaACL
Número de control de estantería F-6717
Nota libre -- Enc. tela
852 ## - LOCALIZACIÓN
Ubicación ES-MaACL
Número de control de estantería 1641-F-11
Nota libre -- Rúst. deteriorada
Holdings
Estatus retirado Estado de pérdida Estado de daño No para préstamo Colección Biblioteca de origen Biblioteca actual Ubicación en estantería Fecha de adquisición Fuente de adquisición Total de préstamos Signatura topográfica completa Código de barras Visto por última vez Precio de reemplazo Tipo de ítem Koha
        Colección de folletos Biblioteca del Ateneo de Madrid Biblioteca del Ateneo de Madrid Depósito folletos 17/01/2008     1641-F-11 1159219 23/02/2023 23/02/2023 Folleto
        Libros del s. XIX Biblioteca del Ateneo de Madrid Biblioteca del Ateneo de Madrid Depósito 2 17/01/2008     F-6717 1159218 23/02/2023 23/02/2023 Libro impreso antiguo